000
00316nam a22001457a 4500
008
221011b ||||| |||| 00| 0 eng d
020
_a
9780721675237
041
_a
eng
080
_a
616.073
082
_a
616.073
100
_a
12
101
_a
RADIO
245
_a
PRACTICAL RADIATION
_c
DOWD S
942
_2
udc
_c
BK
999
_c
58470
_d
58470